| 000 | 00604nam a2200253 a 4500 | ||
|---|---|---|---|
| 003 | AR-BaBNM | ||
| 005 | 20251128203724.0 | ||
| 008 | 082120s2002 ||||||||||||||000 | spa|| | ||
| 040 | _cAR-BaBNM | ||
| 100 | 1 | _aPeyrefitte, Roger | |
| 245 | 0 | 0 | _aLas embajadas |
| 250 | _a2ยช ed. | ||
| 260 |
_aBuenos Aires _bSudamericana _c1953 |
||
| 300 | _a311 p. | ||
| 490 | 0 | _aHorizonte | |
| 650 | 4 | _aLITERATURA FRANCESA | |
| 650 | 4 | _aNOVELAS | |
| 650 | 4 | _aESCRITORES | |
| 650 | 4 | _aLITERATURA CONTEMPORANEA | |
| 655 | _aLITERATURA | ||
| 700 | 1 |
_aBorda, Jorge _etraductor |
|
| 942 | _cBK | ||
| 998 | _cMARTIN | ||
| 999 |
_c4641 _d4641 |
||